| Tag |
First Indicator |
Second Indicator |
Subfields |
| LEADER |
00000cam a2200000Ia 4500 |
| 001 |
in00002811338 |
| 005 |
20151203092758.0 |
| 008 |
130228s2013 maua b 001 0 eng d |
| 010 |
|
|
|a 2012950942
|
| 019 |
|
|
|a 813930831
|
| 020 |
|
|
|a 9780262518437
|
| 020 |
|
|
|a 0262518430
|
| 035 |
|
|
|a (OCoLC)ocn828680991
|
| 040 |
|
|
|a MYG
|c MYG
|d YDX
|d BDX
|d BWX
|d UtOrBLW
|
| 049 |
|
|
|a TXAM
|
| 090 |
|
|
|a N6758
|b .S64 2013
|
| 245 |
0 |
0 |
|a Spheres of action :
|b art and politics /
|c edited by Éric Alliez and Peter Osborne.
|
| 264 |
|
1 |
|a Cambridge, Mass. :
|b MIT Press,
|c [2013]
|
| 264 |
|
4 |
|c ©2013
|
| 300 |
|
|
|a 159 pages :
|b illustrations ;
|c 24 cm.
|
| 336 |
|
|
|a text
|b txt
|2 rdacontent
|
| 337 |
|
|
|a unmediated
|b n
|2 rdamedia
|
| 338 |
|
|
|a volume
|b nc
|2 rdacarrier
|
| 504 |
|
|
|a Includes bibliographical references and index.
|
| 650 |
|
0 |
|a Art, Modern
|y 20th century
|x Political aspects.
|
| 650 |
|
0 |
|a Art, Modern
|y 21st century
|x Political aspects.
|
| 700 |
1 |
|
|a Alliez, Éric.
|
| 700 |
1 |
|
|a Osborne, Peter.
|
| 945 |
|
|
|a PromptCat
|b 248649
|
| 946 |
|
|
|a stk
|
| 947 |
|
|
|a A14835914655
|
| 948 |
|
|
|a cataloged
|b h
|c 2013/3/28
|d c
|e dmitchel
|f 3:30:30 pm
|
| 994 |
|
|
|a 92
|b TXA
|
| 999 |
|
|
|a MARS
|
| 999 |
f |
f |
|s cada76de-4dd2-319e-8d09-ecd0c0254d5a
|i a425785a-9a8b-303a-88f0-a1ae1b3b96d2
|t 0
|
| 952 |
f |
f |
|p normal
|a Texas A&M University
|b College Station
|c Sterling C. Evans Library
|d Evans: Library Stacks
|t 0
|e N6758 .S64 2013
|h Library of Congress classification
|i unmediated -- volume
|m A14835914655
|
| 998 |
f |
f |
|a N6758 .S64 2013
|t 0
|l Evans: Library Stacks
|